| 000 | 01192cam a22003133a 4500 | ||
|---|---|---|---|
| 999 |
_c234257 _d234257 |
||
| 001 | 16410036 | ||
| 003 | Nust | ||
| 005 | 20170316155041.0 | ||
| 008 | 970109s1997 nyu 000 1 eng d | ||
| 010 | _a 97811746 | ||
| 020 | _a9780749937775 | ||
| 024 | 1 | _a7100100599 | |
| 035 | _a(OCoLC)ocm36179141 | ||
| 040 |
_aIF9 _cIF9 _dSLC _dSVP _dOCL _dDLC |
||
| 050 | 0 | 0 | _aCPB Box no. 402 vol. 25 |
| 082 |
_a813.54 _bPHI |
||
| 100 | 1 | _aPhillips, Susan Elizabeth. | |
| 245 | 1 | 0 |
_aNobody's baby but mine / _cSusan Elizabeth Phillips. |
| 260 |
_aNew York : _bAvon Books, _c1997. |
||
| 300 |
_a376 p. ; _c18 cm. |
||
| 650 | 0 |
_aFootball players _vFiction. |
|
| 650 | 0 |
_aWomen college teachers _vFiction. |
|
| 650 | 0 |
_aGifted persons _vFiction. |
|
| 655 | 7 |
_aLove stories. _2gsafd |
|
| 710 | 2 |
_aCopyright Paperback Collection (Library of Congress) _5DLC |
|
| 856 | 4 | 2 |
_3Contributor biographical information _uhttp://www.loc.gov/catdir/enhancements/fy1013/97811746-b.html |
| 856 | 4 | 2 |
_3Publisher description _uhttp://www.loc.gov/catdir/enhancements/fy1013/97811746-d.html |
| 906 |
_a7 _bcbc _ccopycat _d2 _encip _f19 _gy-genrareb |
||
| 942 |
_2ddc _cBK |
||